[Event "XXII. DBMM Schach"]
[Site "Dresden"]
[Date "2024.01.19"]
[Round "3.4"]
[Board "4"]
[White "Barnes, David"]
[Black "Hiller, Karsten"]
[Result "0-1"]
[WhiteElo "1377"]
[BlackElo "1200"]
[Annotator "br"]
[PlyCount "53"]
[GameId "489223822475"]
[EventDate "2024.01.18"]
[EventType "team-swiss"]
[EventRounds "7"]
[EventCountry "GER"]
[Tiebreak "Buchholz"]
[SourceTitle "XXII. DBMM Schach"]
[Source "FV Schach e.V."]
[SourceDate "2024.01.21"]
[SourceVersion "1"]
[SourceVersionDate "2024.01.21"]
[SourceQuality "1"]
[WhiteTeam "Berliner Volksbank"]
[BlackTeam "EFS Filtertechnik Erkrath"]
[WhiteTeamCountry "GER"]
[BlackTeamCountry "GER"]

1. d4 d5 2. Nc3 Nf6 3. Bg5 e6 4. e4 dxe4 5. Nxe4 Be7 6. Bxf6 Bxf6 7. Nf3 Nc6 8. c3 Be7 9. Bd3 b6 10. Qc2 Bb7 11. O-O-O f5 12. Ng3 Bg5+ 13. Kb1 O-O 14. Bc4 Bc8 15. h4 Na5 16. hxg5 Nxc4 17. Ne5 Nxe5 18. dxe5 Qxg5 19. Rh5 Qg6 20. Rdh1 h6 21. f3 Qxg3 22. R5h3 Qxe5 23. Qf2 Rf6 24. Rd1 Bb7 25. Rd7 Bc6 26. f4 Qe4+ 27. Ka1 0-1

[Event "XXII. DBMM Schach"]
[Site "Dresden"]
[Date "2024.01.19"]
[Round "3.1"]
[Board "1"]
[White "Hilbig, Olaf"]
[Black "Scholz, Philipp"]
[Result "0-1"]
[WhiteElo "2035"]
[BlackElo "1969"]
[Annotator "fb"]
[PlyCount "76"]
[GameId "489223822476"]
[EventDate "2024.01.18"]
[EventType "team-swiss"]
[EventRounds "7"]
[EventCountry "GER"]
[Tiebreak "Buchholz"]
[SourceTitle "XXII. DBMM Schach"]
[Source "FV Schach e.V."]
[SourceDate "2024.01.21"]
[SourceVersion "1"]
[SourceVersionDate "2024.01.21"]
[SourceQuality "1"]
[WhiteTeam "BSG Commerzbank Frankfurt"]
[BlackTeam "BSG Commerzbank Frankfurt II"]
[WhiteTeamCountry "GER"]
[BlackTeamCountry "GER"]

1. d4 d5 2. Nc3 Nf6 3. Bg5 g6 4. f3 Bg7 5. e4 dxe4 6. fxe4 O-O 7. Qd2 a6 8. O-O-O b5 9. a3 Bb7 10. e5 Nd5 11. Nf3 Nd7 12. Nxd5 Bxd5 13. Bh6 Nb6 14. h4 f6 15. Bxg7 Kxg7 16. b3 Rc8 17. Qe3 Bg8 18. Kb2 c5 19. h5 g5 20. h6+ Kh8 21. Nxg5 cxd4 22. Rxd4 Qc7 23. Bd3 Qc3+ 24. Ka2 Nc4 25. bxc4 bxc4 26. e6 cxd3 27. Rxd3 Qxc2+ 28. Ka1 Rb8 29. Rd2 Qc4 30. Rd4 Qc2 31. Rd2 Qc4 32. Rd4 Qb5 33. Rb4 Qxg5 34. Qxg5 fxg5 35. Re4 Rb6 36. Re5 Bxe6 37. Rxg5 Rf2 38. Rd1 Ra2# 0-1

[Event "XXII. DBMM Schach"]
[Site "Dresden"]
[Date "2024.01.19"]
[Round "3.2"]
[Board "2"]
[White "Huebner, Detlef"]
[Black "Piepenburg, Rolf"]
[Result "0-1"]
[WhiteElo "1551"]
[BlackElo "2013"]
[Annotator "fb"]
[PlyCount "54"]
[GameId "489223822477"]
[EventDate "2024.01.18"]
[EventType "team-swiss"]
[EventRounds "7"]
[EventCountry "GER"]
[Tiebreak "Buchholz"]
[SourceTitle "XXII. DBMM Schach"]
[Source "FV Schach e.V."]
[SourceDate "2024.01.21"]
[SourceVersion "1"]
[SourceVersionDate "2024.01.21"]
[SourceQuality "1"]
[WhiteTeam "BSG Commerzbank Frankfurt II"]
[BlackTeam "BSG Commerzbank Frankfurt"]
[WhiteTeamCountry "GER"]
[BlackTeamCountry "GER"]

1. c4 e6 2. d4 d5 3. Nc3 Nf6 4. Bf4 c6 5. e3 Bd6 6. Bxd6 Qxd6 7. Nf3 Nbd7 8. Bd3 O-O 9. O-O Qe7 10. c5 e5 11. dxe5 Nxe5 12. Nxe5 Qxe5 13. Qc2 Re8 14. Rfe1 Bd7 15. Ne2 Re7 16. Nd4 g6 17. f4 Qh5 18. f5 Rae8 19. Qf2 Ng4 20. Qg3 Rxe3 21. Rxe3 Rxe3 22. Qb8+ Kg7 23. Be2 Qg5 24. Bxg4 Qxg4 25. f6+ Kxf6 26. Rf1+ Kg7 27. Qd6 Qxd4 0-1

[Event "XXII. DBMM Schach"]
[Site "Dresden"]
[Date "2024.01.19"]
[Round "3.3"]
[Board "3"]
[White "Gebhardt, Christian"]
[Black "Knobloch, Sarah Astrid"]
[Result "1-0"]
[WhiteElo "1842"]
[BlackElo "1200"]
[Annotator "br"]
[PlyCount "77"]
[GameId "489223822478"]
[EventDate "2024.01.18"]
[EventType "team-swiss"]
[EventRounds "7"]
[EventCountry "GER"]
[Tiebreak "Buchholz"]
[SourceTitle "XXII. DBMM Schach"]
[Source "FV Schach e.V."]
[SourceDate "2024.01.21"]
[SourceVersion "1"]
[SourceVersionDate "2024.01.21"]
[SourceQuality "1"]
[WhiteTeam "BSG Commerzbank Frankfurt"]
[BlackTeam "BSG Commerzbank Frankfurt II"]
[WhiteTeamCountry "GER"]
[BlackTeamCountry "GER"]

1. d4 Nf6 2. c4 d6 3. Nc3 g6 4. e4 Bg7 5. Nf3 O-O 6. Be2 Nbd7 7. O-O b6 8. Re1 e5 9. Bf1 Ng4 10. Bg5 f6 11. dxe5 Ngxe5 12. Nxe5 Nxe5 13. Qd5+ Kh8 14. Qxa8 fxg5 15. Qxa7 Qf6 16. Nd1 Qf4 17. Qa3 Ng4 18. Qg3 Qxg3 19. hxg3 Bd4 20. Re2 Ne5 21. Rd2 Bc5 22. a3 b5 23. cxb5 Bg4 24. b4 Bb6 25. Nc3 Be6 26. a4 h5 27. a5 Ba7 28. b6 cxb6 29. Nb5 bxa5 30. Nxa7 axb4 31. Rxd6 Bf7 32. Nc6 Nxc6 33. Rxc6 Kg7 34. Bc4 h4 35. Ra7 hxg3 36. Rxf7+ Rxf7 37. Bxf7 gxf2+ 38. Kxf2 Kxf7 39. Rb6 1-0

[Event "XXII. DBMM Schach"]
[Site "Dresden"]
[Date "2024.01.19"]
[Round "3.4"]
[Board "4"]
[White "Machine, Kevin"]
[Black "Klowski, Bjoern Sigurd"]
[Result "0-1"]
[WhiteElo "1000"]
[BlackElo "1601"]
[Annotator "br"]
[PlyCount "96"]
[GameId "489223822479"]
[EventDate "2024.01.18"]
[EventType "team-swiss"]
[EventRounds "7"]
[EventCountry "GER"]
[Tiebreak "Buchholz"]
[SourceTitle "XXII. DBMM Schach"]
[Source "FV Schach e.V."]
[SourceDate "2024.01.21"]
[SourceVersion "1"]
[SourceVersionDate "2024.01.21"]
[SourceQuality "1"]
[WhiteTeam "BSG Commerzbank Frankfurt II"]
[BlackTeam "BSG Commerzbank Frankfurt"]
[WhiteTeamCountry "GER"]
[BlackTeamCountry "GER"]

1. e4 e6 2. Nf3 d5 3. d3 dxe4 4. dxe4 Qxd1+ 5. Kxd1 Bc5 6. Be3 Bxe3 7. fxe3 Bd7 8. Nbd2 Bc6 9. Bc4 Nd7 10. h4 O-O-O 11. Ng5 Ne5 12. Bb3 Kb8 13. Rf1 f6 14. Nxe6 Rd7 15. Rf5 Bxe4 16. Rf2 Bc6 17. Nc5 Rd8 18. Be6 Nh6 19. Kc1 Rhe8 20. c3 b6 21. Na6+ Kb7 22. Bc4 Nxc4 23. Nxc4 Kxa6 24. Kc2 b5 25. Na3 Nf5 26. Rxf5 Be4+ 27. Kb3 Bxf5 28. Kb4 c6 29. Rf1 Bd3 30. Rf4 Rxe3 31. Rd4 Re4 32. Rxe4 Bxe4 33. c4 Bxg2 34. c5 Rd4+ 35. Kc3 Rxh4 36. Nc2 Rc4+ 37. Kd3 Be4+ 38. Ke2 Rxc2+ 39. Ke3 f5 40. a3 h5 41. Kd4 h4 42. b4 h3 43. Ke5 h2 44. Kd6 h1=Q 45. Kc7 Rd2 46. a4 Qh8 47. axb5+ Kxb5 48. Kb7 Rd7# 0-1

[Event "XXII. DBMM Schach"]
[Site "Dresden"]
[Date "2024.01.19"]
[Round "3.1"]
[Board "1"]
[White "Warnest, Stefan"]
[Black "Ogrodnik, Emil"]
[Result "0-1"]
[WhiteElo "1569"]
[BlackElo "1500"]
[Annotator "br"]
[PlyCount "114"]
[GameId "489223822480"]
[EventDate "2024.01.18"]
[EventType "team-swiss"]
[EventRounds "7"]
[EventCountry "GER"]
[Tiebreak "Buchholz"]
[SourceTitle "XXII. DBMM Schach"]
[Source "FV Schach e.V."]
[SourceDate "2024.01.21"]
[SourceVersion "1"]
[SourceVersionDate "2024.01.21"]
[SourceQuality "1"]
[WhiteTeam "BA Tempelhof Berlin IV"]
[BlackTeam "d-fine Frankfurt III"]
[WhiteTeamCountry "GER"]
[BlackTeamCountry "GER"]

1. e4 c5 2. Nf3 Nc6 3. d4 cxd4 4. Nxd4 d6 5. Bb5 Bd7 6. Nc3 a6 7. Nxc6 Bxc6 8. Bxc6+ bxc6 9. O-O g6 10. Be3 Bg7 11. Bd4 e5 12. Be3 Ne7 13. Qd2 d5 14. exd5 cxd5 15. Bg5 f6 16. Bh4 O-O 17. Rfd1 d4 18. Ne4 Nf5 19. Bg3 Nxg3 20. Nxg3 f5 21. f3 Qb6 22. Rab1 Rac8 23. Qd3 Rf7 24. Qb3 Qxb3 25. cxb3 Rc2 26. Nf1 Rfc7 27. Nd2 Kf7 28. Nc4 Rc6 29. Rd2 Rxd2 30. Nxd2 Bh6 31. Nc4 Ke6 32. Kf2 Kd5 33. Ke2 e4 34. fxe4+ fxe4 35. Rf1 d3+ 36. Kd1 Ke6 37. h4 g5 38. hxg5 Bxg5 39. g4 Ke7 40. Rf5 h6 41. Re5+ Re6 42. Rxe6+ Kxe6 43. b4 Kd5 44. b3 Kd4 45. a4 Bd8 46. b5 axb5 47. axb5 Kc3 48. b6 Bh4 49. b7 Bg3 50. Ne3 Kxb3 51. Nf5 Bf4 52. Nxh6 e3 53. Nf5 e2+ 54. Ke1 Kc3 55. Nd4 Bd2+ 56. Kf2 e1=Q+ 57. Kg2 Qe4+ 0-1

[Event "XXII. DBMM Schach"]
[Site "Dresden"]
[Date "2024.01.19"]
[Round "3.2"]
[Board "2"]
[White "Moser, Johannes"]
[Black "Wolf, Wilfried"]
[Result "1/2-1/2"]
[WhiteElo "1300"]
[BlackElo "1695"]
[Annotator "br"]
[PlyCount "104"]
[GameId "489223822481"]
[EventDate "2024.01.18"]
[EventType "team-swiss"]
[EventRounds "7"]
[EventCountry "GER"]
[Tiebreak "Buchholz"]
[SourceTitle "XXII. DBMM Schach"]
[Source "FV Schach e.V."]
[SourceDate "2024.01.21"]
[SourceVersion "1"]
[SourceVersionDate "2024.01.21"]
[SourceQuality "1"]
[WhiteTeam "d-fine Frankfurt III"]
[BlackTeam "BA Tempelhof Berlin IV"]
[WhiteTeamCountry "GER"]
[BlackTeamCountry "GER"]

1. d4 d5 2. c4 e6 3. Nf3 Nf6 4. e3 Be7 5. Nc3 O-O 6. Bd3 dxc4 7. Bxc4 c5 8. O-O cxd4 9. Nxd4 a6 10. a4 Bd7 11. Qc2 Qc7 12. Be2 Nc6 13. Nxc6 Bxc6 14. Bd2 Rac8 15. Rac1 Qb8 16. Qb1 Rfd8 17. Rfd1 Bd6 18. h3 Be7 19. e4 Ne8 20. b4 Bf6 21. Kh1 Bxc3 22. Bxc3 Bxa4 23. Rxd8 Rxd8 24. Qa1 Bc6 25. f3 Rd7 26. Rd1 Rxd1+ 27. Qxd1 Qd6 28. Qa1 Qd7 29. Qb2 f6 30. e5 f5 31. Qb1 Nc7 32. Bc4 Bb5 33. Ba2 Qd3 34. Qxd3 Bxd3 35. f4 Kf7 36. Kg1 Be4 37. Kf2 Bd5 38. Bb1 Nb5 39. Bb2 Na7 40. Bc3 Nb5 41. Bb2 Ke7 42. g4 g6 43. g5 Kd7 44. Ke3 Bc4 45. h4 Nc7 46. Kd4 b5 47. Bc3 Nd5 48. Bd2 Kc6 49. Bc2 Nc7 50. Bd1 Bd5 51. Bc2 Na8 52. Bd1 Nb6 1/2-1/2

[Event "XXII. DBMM Schach"]
[Site "Dresden"]
[Date "2024.01.19"]
[Round "3.3"]
[Board "3"]
[White "Frahm, Werner"]
[Black "Wollscheid, Nikolaus"]
[Result "1-0"]
[WhiteElo "1535"]
[BlackElo "1200"]
[Annotator "br"]
[PlyCount "87"]
[GameId "489223822486"]
[EventDate "2024.01.18"]
[EventType "team-swiss"]
[EventRounds "7"]
[EventCountry "GER"]
[Tiebreak "Buchholz"]
[SourceTitle "XXII. DBMM Schach"]
[Source "FV Schach e.V."]
[SourceDate "2024.01.21"]
[SourceVersion "1"]
[SourceVersionDate "2024.01.21"]
[SourceQuality "1"]
[WhiteTeam "BA Tempelhof Berlin IV"]
[BlackTeam "d-fine Frankfurt III"]
[WhiteTeamCountry "GER"]
[BlackTeamCountry "GER"]

1. d4 d5 2. Nf3 Nf6 3. e3 e6 4. Be2 g6 5. O-O Bg7 6. c4 O-O 7. Nc3 Nc6 8. a3 a6 9. Re1 dxc4 10. Bxc4 b5 11. Ba2 Bb7 12. h3 Nd5 13. Ne4 Nce7 14. Nc5 Bc6 15. e4 Nb6 16. Bg5 h6 17. Bxe7 Qxe7 18. Qc2 Nc4 19. Bxc4 bxc4 20. a4 Rfd8 21. Qxc4 Qf6 22. Ne5 Rdb8 23. b3 Rb6 24. Rad1 Qf4 25. Ncd3 Qf6 26. Nxc6 e5 27. Ndxe5 Qd6 28. Qxf7+ Kh7 29. Qe7 Rxb3 30. Qxd6 cxd6 31. Rb1 Rxb1 32. Rxb1 dxe5 33. dxe5 Re8 34. Rb7 h5 35. Ra7 Kh6 36. f4 Rc8 37. Rxa6 Bf8 38. f5 Bc5+ 39. Kh2 Rg8 40. f6 Re8 41. Ra5 Bb6 42. Rb5 Bc7 43. a5 Kg5 44. f7 1-0

[Event "XXII. DBMM Schach"]
[Site "Dresden"]
[Date "2024.01.19"]
[Round "3.4"]
[Board "4"]
[White "Biederbeck, Noah"]
[Black "Meseck, Michael"]
[Result "0-1"]
[WhiteElo "1000"]
[BlackElo "1487"]
[Annotator "br"]
[PlyCount "116"]
[GameId "489223822487"]
[EventDate "2024.01.18"]
[EventType "team-swiss"]
[EventRounds "7"]
[EventCountry "GER"]
[Tiebreak "Buchholz"]
[SourceTitle "XXII. DBMM Schach"]
[Source "FV Schach e.V."]
[SourceDate "2024.01.21"]
[SourceVersion "1"]
[SourceVersionDate "2024.01.21"]
[SourceQuality "1"]
[WhiteTeam "d-fine Frankfurt III"]
[BlackTeam "BA Tempelhof Berlin IV"]
[WhiteTeamCountry "GER"]
[BlackTeamCountry "GER"]

1. d4 d5 2. Bf4 Nf6 3. e3 e6 4. Nf3 c5 5. c3 c4 6. Be2 Nc6 7. Nbd2 Be7 8. Ne5 Nxe5 9. dxe5 Nd7 10. g3 O-O 11. h4 f6 12. Nf3 a6 13. h5 f5 14. Nd4 Nc5 15. g4 Ne4 16. Bg3 Bd7 17. Nf3 Nxg3 18. fxg3 fxg4 19. Nd4 Bg5 20. Bxg4 Qe8 21. Qe2 Rf7 22. e4 Re7 23. exd5 exd5 24. Bxd7 Qxd7 25. e6 Qe8 26. O-O Bf6 27. Rae1 Bxd4+ 28. cxd4 Rd8 29. Rf7 Rxf7 30. exf7+ Qxf7 31. Qe6 Rf8 32. Qxf7+ Rxf7 33. Re8+ Rf8 34. Rxf8+ Kxf8 35. Kf2 Ke7 36. Ke2 b5 37. Kd2 b4 38. Kc2 a5 39. a3 Kf6 40. axb4 axb4 41. Kd2 Kg5 42. Ke3 Kxh5 43. b3 cxb3 44. Kd2 b2 45. Kc2 b1=Q+ 46. Kxb1 Kg4 47. Kb2 b3 48. Kxb3 Kxg3 49. Kc3 Kf4 50. Kd3 g5 51. Ke2 h5 52. Kf2 h4 53. Kg2 g4 54. Kf2 h3 55. Kg1 g3 56. Kf1 Kf3 57. Kg1 Ke3 58. Kf1 Kxd4 0-1

[Event "XXII. DBMM Schach"]
[Site "Dresden"]
[Date "2024.01.19"]
[Round "4.1"]
[Board "1"]
[White "Schulz, Michael"]
[Black "Meinhardt, Maximilian"]
[Result "1/2-1/2"]
[WhiteElo "2172"]
[BlackElo "2366"]
[Annotator "br"]
[PlyCount "23"]
[GameId "489223825312"]
[EventDate "2024.01.18"]
[EventType "team-swiss"]
[EventRounds "7"]
[EventCountry "GER"]
[Tiebreak "Buchholz"]
[SourceTitle "XXII. DBMM Schach"]
[Source "FV Schach e.V."]
[SourceDate "2024.01.21"]
[SourceVersion "1"]
[SourceVersionDate "2024.01.21"]
[SourceQuality "1"]
[WhiteTeam "SV Osram Berlin"]
[BlackTeam "d-fine Frankfurt"]
[WhiteTeamCountry "GER"]
[BlackTeamCountry "GER"]

1. d4 e6 2. Bf4 c5 3. e3 Nc6 4. c3 d5 5. Nf3 Bd6 6. Bg3 f5 7. Bb5 Nf6 8. Qa4 Qc7 9. dxc5 Bxg3 10. hxg3 Bd7 11. Bxc6 Bxc6 12. Qf4 1/2-1/2

[Event "XXII. DBMM Schach"]
[Site "Dresden"]
[Date "2024.01.19"]
[Round "4.2"]
[Board "2"]
[White "Hellwig, Tobias"]
[Black "Rath, Alina"]
[Result "1/2-1/2"]
[WhiteElo "2180"]
[BlackElo "2140"]
[Annotator "br"]
[PlyCount "58"]
[GameId "489223825327"]
[EventDate "2024.01.18"]
[EventType "team-swiss"]
[EventRounds "7"]
[EventCountry "GER"]
[Tiebreak "Buchholz"]
[SourceTitle "XXII. DBMM Schach"]
[Source "FV Schach e.V."]
[SourceDate "2024.01.21"]
[SourceVersion "1"]
[SourceVersionDate "2024.01.21"]
[SourceQuality "1"]
[WhiteTeam "d-fine Frankfurt"]
[BlackTeam "SV Osram Berlin"]
[WhiteTeamCountry "GER"]
[BlackTeamCountry "GER"]

1. d4 d5 2. Nf3 e6 3. Bf4 Nf6 4. e3 c5 5. c3 Bd6 6. Bg3 O-O 7. Bd3 Qc7 8. Nbd2 Nbd7 9. O-O Rb8 10. e4 dxe4 11. Nxe4 Nxe4 12. Bxe4 Nf6 13. Bc2 b6 14. Bh4 Be7 15. Qd3 c4 16. Qe2 Bb7 17. Ne5 b5 18. f4 Nd5 19. Bg3 Bd6 20. Rae1 Rbe8 21. Qh5 f5 22. Qe2 Nf6 23. a4 a6 24. axb5 axb5 25. Ra1 Ra8 26. Nf3 Bd5 27. Ng5 Rae8 28. Ra6 h6 29. Nh3 Bb7 1/2-1/2

[Event "XXII. DBMM Schach"]
[Site "Dresden"]
[Date "2024.01.19"]
[Round "4.3"]
[Board "3"]
[White "Eisermann, Daniel"]
[Black "Sundorf, Jannik"]
[Result "0-1"]
[WhiteElo "2014"]
[BlackElo "2179"]
[Annotator "br"]
[PlyCount "80"]
[GameId "489223825328"]
[EventDate "2024.01.18"]
[EventType "team-swiss"]
[EventRounds "7"]
[EventCountry "GER"]
[Tiebreak "Buchholz"]
[SourceTitle "XXII. DBMM Schach"]
[Source "FV Schach e.V."]
[SourceDate "2024.01.21"]
[SourceVersion "1"]
[SourceVersionDate "2024.01.21"]
[SourceQuality "1"]
[WhiteTeam "SV Osram Berlin"]
[BlackTeam "d-fine Frankfurt"]
[WhiteTeamCountry "GER"]
[BlackTeamCountry "GER"]

1. e4 c5 2. Nf3 d6 3. c3 Nf6 4. Qc2 g6 5. d4 Bg7 6. Bb5+ Bd7 7. Bxd7+ Qxd7 8. dxc5 Qg4 9. O-O Qxe4 10. Qxe4 Nxe4 11. cxd6 Nxd6 12. Bf4 Nc6 13. Nbd2 Rd8 14. Rfe1 O-O 15. Rad1 Rfe8 16. Bxd6 Rxd6 17. Nc4 Rxd1 18. Rxd1 Rd8 19. Rxd8+ Nxd8 20. a4 Nc6 21. Kf1 f5 22. Ke2 e5 23. Nd6 b6 24. Nc4 Bf6 25. Nfd2 e4 26. f3 exf3+ 27. Nxf3 Kf7 28. Kd2 g5 29. h3 h5 30. b4 g4 31. Ne1 Ne7 32. a5 bxa5 33. Nxa5 Nd5 34. Nc6 Bxc3+ 35. Ke2 Bxb4 36. Nd3 a5 37. Ncxb4 axb4 38. hxg4 fxg4 39. Nc5 Kf6 40. Kf2 h4 0-1

[Event "XXII. DBMM Schach"]
[Site "Dresden"]
[Date "2024.01.19"]
[Round "4.4"]
[Board "4"]
[White "Yalcin, Alparslan"]
[Black "Lanzendoerfer, Johannes"]
[Result "1-0"]
[WhiteElo "2136"]
[BlackElo "2207"]
[Annotator "br"]
[PlyCount "53"]
[GameId "489223825329"]
[EventDate "2024.01.18"]
[EventType "team-swiss"]
[EventRounds "7"]
[EventCountry "GER"]
[Tiebreak "Buchholz"]
[SourceTitle "XXII. DBMM Schach"]
[Source "FV Schach e.V."]
[SourceDate "2024.01.21"]
[SourceVersion "1"]
[SourceVersionDate "2024.01.21"]
[SourceQuality "1"]
[WhiteTeam "d-fine Frankfurt"]
[BlackTeam "SV Osram Berlin"]
[WhiteTeamCountry "GER"]
[BlackTeamCountry "GER"]

1. e4 e6 2. d4 d5 3. Nd2 Nf6 4. e5 Nfd7 5. Bd3 c5 6. c3 Nc6 7. Ngf3 g6 8. h4 h6 9. Rh3 cxd4 10. cxd4 Qb6 11. Kf1 Be7 12. a3 a5 13. Kg1 Nxd4 14. Nxd4 Qxd4 15. Nf3 Qb6 16. Qe2 Nf8 17. Be3 Qd8 18. Nd4 Bd7 19. Nb5 Bc6 20. Bd4 Rg8 21. Qd2 h5 22. Rf3 Nd7 23. Qf4 Rg7 24. Qh6 Kf8 25. Bxg6 Kg8 26. Bxf7+ Rxf7 27. Rg3+ 1-0

[Event "XXII. DBMM Schach"]
[Site "Dresden"]
[Date "2024.01.19"]
[Round "4.1"]
[Board "1"]
[White "Hoffmann, Hendrik"]
[Black "Seger, Ruediger"]
[Result "1-0"]
[WhiteElo "2271"]
[BlackElo "2269"]
[Annotator "br"]
[PlyCount "53"]
[GameId "489223825330"]
[EventDate "2024.01.18"]
[EventType "team-swiss"]
[EventRounds "7"]
[EventCountry "GER"]
[Tiebreak "Buchholz"]
[SourceTitle "XXII. DBMM Schach"]
[Source "FV Schach e.V."]
[SourceDate "2024.01.21"]
[SourceVersion "1"]
[SourceVersionDate "2024.01.21"]
[SourceQuality "1"]
[WhiteTeam "le-tex Leipzig"]
[BlackTeam "Deutsche Post Bonn"]
[WhiteTeamCountry "GER"]
[BlackTeamCountry "GER"]

1. e4 c6 2. d4 d5 3. Nc3 dxe4 4. Nxe4 Nf6 5. Nxf6+ exf6 6. c3 Bd6 7. Bd3 O-O 8. Ne2 Re8 9. O-O Na6 10. h3 Nc7 11. Bf4 Be6 12. Qd2 Nd5 13. Bxd6 Qxd6 14. c4 Ne7 15. Rad1 Rad8 16. Rfe1 Ng6 17. b3 h5 18. Qa5 b5 19. cxb5 Nh4 20. bxc6 g6 21. Qc5 Qc7 22. Ng3 Rd5 23. Qc3 Rg5 24. Be4 f5 25. d5 fxe4 26. dxe6 Rxe6 27. Rd7 1-0

[Event "XXII. DBMM Schach"]
[Site "Dresden"]
[Date "2024.01.19"]
[Round "4.2"]
[Board "2"]
[White "Lunnebach, Oliver"]
[Black "Rohne, Lars"]
[Result "1/2-1/2"]
[WhiteElo "2158"]
[BlackElo "2121"]
[Annotator "br"]
[PlyCount "56"]
[GameId "489223825331"]
[EventDate "2024.01.18"]
[EventType "team-swiss"]
[EventRounds "7"]
[EventCountry "GER"]
[Tiebreak "Buchholz"]
[SourceTitle "XXII. DBMM Schach"]
[Source "FV Schach e.V."]
[SourceDate "2024.01.21"]
[SourceVersion "1"]
[SourceVersionDate "2024.01.21"]
[SourceQuality "1"]
[WhiteTeam "Deutsche Post Bonn"]
[BlackTeam "le-tex Leipzig"]
[WhiteTeamCountry "GER"]
[BlackTeamCountry "GER"]

1. d4 d5 2. Nf3 Nf6 3. c4 e6 4. cxd5 Nxd5 5. e4 Bb4+ 6. Nbd2 Nf6 7. Bd3 Nc6 8. e5 Nd5 9. O-O Be7 10. Ne4 h6 11. a3 g5 12. Be3 Bd7 13. b4 a6 14. Bc2 Na7 15. Qd2 Bb5 16. Rab1 Bc4 17. Bb3 Bxb3 18. Rxb3 Nc6 19. Rb2 Qd7 20. Nc5 Bxc5 21. bxc5 b5 22. h3 Rg8 23. Nh2 Nce7 24. Qd3 c6 25. Bd2 Kf8 26. Rfb1 Ng6 27. Qe4 Kg7 28. Nf1 Ndf4 1/2-1/2

[Event "XXII. DBMM Schach"]
[Site "Dresden"]
[Date "2024.01.19"]
[Round "4.3"]
[Board "3"]
[White "Poessel, Christian"]
[Black "Gikas, Andreas Basilius"]
[Result "0-1"]
[WhiteElo "2010"]
[BlackElo "2123"]
[Annotator "br"]
[PlyCount "94"]
[GameId "489223825332"]
[EventDate "2024.01.18"]
[EventType "team-swiss"]
[EventRounds "7"]
[EventCountry "GER"]
[Tiebreak "Buchholz"]
[SourceTitle "XXII. DBMM Schach"]
[Source "FV Schach e.V."]
[SourceDate "2024.01.21"]
[SourceVersion "1"]
[SourceVersionDate "2024.01.21"]
[SourceQuality "1"]
[WhiteTeam "le-tex Leipzig"]
[BlackTeam "Deutsche Post Bonn"]
[WhiteTeamCountry "GER"]
[BlackTeamCountry "GER"]

1. d4 d5 2. c4 c6 3. Nf3 Nf6 4. Nc3 dxc4 5. a4 Bg4 6. Ne5 Bh5 7. Nxc4 e6 8. f3 Bb4 9. Qb3 a5 10. e4 O-O 11. Be3 Nbd7 12. Rd1 Qe7 13. Kf2 e5 14. dxe5 Nxe5 15. Nxe5 Qxe5 16. Be2 Bc5 17. Nd5 Nxe4+ 18. fxe4 Bxe2 19. Bxc5 Bxd1 20. Rxd1 Rfe8 21. Bd4 Qxe4 22. Nc3 Qh4+ 23. Kf1 Qxh2 24. Ne2 Rad8 25. Rd3 Rd5 26. Bg1 Rf5+ 27. Rf3 Qe5 28. Qd3 Rxf3+ 29. gxf3 Qxb2 30. Bd4 Qa2 31. Bc3 Qxa4 32. Kf2 Qa2 33. Kf1 Qd5 34. Qxd5 cxd5 35. Bxa5 f6 36. Kf2 Kf7 37. Nd4 g6 38. Kg3 h5 39. Bd2 Rc8 40. f4 Rc4 41. Be3 Rc3 42. Kf2 h4 43. Nf3 Rc2+ 44. Kg1 h3 45. Bf2 b5 46. Be1 Re2 47. Bf2 b4 0-1

[Event "XXII. DBMM Schach"]
[Site "Dresden"]
[Date "2024.01.19"]
[Round "4.4"]
[Board "4"]
[White "Lorenz, Roger"]
[Black "Heinrich, Thomas"]
[Result "1/2-1/2"]
[WhiteElo "2152"]
[BlackElo "2193"]
[Annotator "br"]
[PlyCount "90"]
[GameId "489223825333"]
[EventDate "2024.01.18"]
[EventType "team-swiss"]
[EventRounds "7"]
[EventCountry "GER"]
[Tiebreak "Buchholz"]
[SourceTitle "XXII. DBMM Schach"]
[Source "FV Schach e.V."]
[SourceDate "2024.01.21"]
[SourceVersion "1"]
[SourceVersionDate "2024.01.21"]
[SourceQuality "1"]
[WhiteTeam "Deutsche Post Bonn"]
[BlackTeam "le-tex Leipzig"]
[WhiteTeamCountry "GER"]
[BlackTeamCountry "GER"]

1. d4 Nf6 2. c4 g6 3. Nc3 Bg7 4. e4 d6 5. Nf3 O-O 6. Be2 e5 7. O-O Nbd7 8. Be3 Ng4 9. Bg5 f6 10. Bc1 c6 11. d5 Qe7 12. Ng5 fxg5 13. Bxg4 h6 14. Be3 c5 15. Qe2 a6 16. a3 Nf6 17. Bxc8 Raxc8 18. g4 Nd7 19. f3 Bf6 20. Kg2 Kg7 21. Qd2 Rh8 22. Rab1 Rb8 23. Qc2 Rhc8 24. Rfc1 b6 25. h3 Rb7 26. a4 Qe8 27. Qd2 Qh8 28. Rh1 Kf7 29. Rh2 Qd8 30. Ra1 Qe7 31. Rhh1 Rh8 32. Qd3 Nb8 33. Ra3 a5 34. Nb5 Na6 35. Raa1 Ke8 36. Na3 Qd8 37. Bd2 Qd7 38. Qb3 Bd8 39. Nc2 Nb4 40. Nxb4 axb4 41. Qd3 Ra7 42. b3 Qg7 43. Raf1 Rf7 44. Be1 h5 45. Bd2 h4 1/2-1/2